Countries that have beaten Portugal at the World Cup - Statistics

General Stats
  • This quiz has been taken 41 times
  • The average score is 11 of 12
Answer Stats
Year Team % Correct
2006 France
100%
2006 Germany
100%
2014 Germany
100%
2010 Spain
100%
1966 England
97%
1986 Morocco
89%
2022 Morocco
89%
2002 South Korea
87%
2022 South Korea
87%
2018 Uruguay
84%
2002 United States
71%
1986 Poland
66%
No matching quizzes found
Score Distribution
Percent of People with Each Score
Percentile by Number Answered
Your Score History
You have not taken this quiz